Statystyki dla Piłkarze Juventus'u

Kliknij tutaj aby rozwiązać quiz!

Ogólne statystyki

  • Ten quiz został rozwiązany 223 razy
    (103 od ostatniego zresetowania)
  • Średni wynik to 16 z 27

Statystyki odpowiedzi

PiłkarzNarodowoścPozycja% Poprawnych
Wojciech SzczęsnyPolskaBramkarz
100%
Arkadiusz MilikPolskaNapastnik
96%
Dusan VlahovicSerbiaNapastnik
86%
Federico ChiesaWłochyNapastnik
80%
Alex SandroBrazyliaobrońca
78%
BremerBrazyliaobrońca
78%
DanilloBrazyliaobrońca
78%
Adrien RabiotFrancjapomocnik
76%
Mattia PerinWłochyBramkarz
74%
Timothy WeahUSApomocnik
71%
Filip KostićSerbiapomocnik
70%
Weston McKennieUSApomocnik
68%
Federico GattiWłochyobrońca
66%
Moise KeanWłochyNapastnik
64%
Manuel LocatelliWłochypomocnik
61%
Paul PogbaFrancjapomocnik
61%
Fabio MirettiWłochypomocnik
49%
Kenan YıldızTurcjaNapastnik
49%
Daniele RuganiWłochyobrońca
47%
Samuel Iling JuniorAngliaNapastnik
45%
Nicolò FagioliWłochypomocnik
43%
Andrea CambiasoWłochyobrońca
42%
Carlo PinsoglioWłochyBramkarz
39%
Tiago DjalóPortugaliaobrońca
37%
Carlos AlcarazArgentynapomocnik
29%
Mattia De SciglioWłochyobrońca
28%
Hans Nicolussi CavigliaWłochypomocnik
9%

Rozkład punktacji

Percentyl według liczby udzielonych odpowiedzi

Procent ludzi z każdym wynikiem

Twoja historia wyników

Nie rozwiązałeś tego quizu od ostatniego zresetowania